Exposición venta de cuadros : antiguos y modernos seleccionados de colección antiguos y modernos seleccionados de colección
Descripción Física:
full plegat : il·lustracions en blanc i negre ; 15'5 x 11 cm
Materias:
Fons Joan Junyer i Pascual (1909-1994)
; Art -- Exposicions
; Art -- Catàlegs
; Galeries d'art -- Catàlegs
Idioma:
Catalán , Español
MARC
| LEADER | 00000nam a2200000 a 4500 | ||
|---|---|---|---|
| 001 | 24900 | ||
| 003 | AGDB | ||
| 005 | 20260324181543.0 | ||
| 008 | 260112b spa||||| |||| 00| 0 cat d | ||
| 040 | |a agdb |b cat | ||
| 041 | |a spa |a cat | ||
| 110 | |a Galeries Laietanes |9 72928 |e institució d'acollida | ||
| 245 | |a Exposición venta de cuadros : |b antiguos y modernos seleccionados de colección | ||
| 260 | |a Barcelona : |b Galerías Layetanas, |c 1930 | ||
| 300 | |a full plegat : |b il·lustracions en blanc i negre ; |c 15'5 x 11 cm | ||
| 500 | |a Prové del fons Joan Junyer i Pascual (1909-1994) | ||
| 500 | |a Catàleg de l'exposició celebrada a les Galeries Laietanes, Barcelona, del 19 d'abril al 3 de maig de 1930 | ||
| 505 | |a Conté imatges de pintures de Marià Fortuny i El Greco | ||
| 650 | |a Fons Joan Junyer i Pascual (1909-1994) |9 72777 | ||
| 650 | 0 | |a Art |x Exposicions |2 Arxiu |9 43798 | |
| 650 | 0 | |a Art |x Catàlegs |9 26592 | |
| 650 | 0 | |a Galeries d'art |x Catàlegs |9 72877 | |
| 942 | |2 udc |c ARXIU |n 1 | ||
| 952 | |0 0 |1 0 |2 udc |4 0 |6 F504326 |7 1 |9 98921 |a Arxiu |b Arxiu |d 2026-01-12 |l 0 |o F-504-326 |p 24900 |r 2026-01-12 13:53:24 |w 2026-01-12 |y ARXIU | ||
| 999 | |c 130589 |d 130589 | ||